[Event "TUR-ch U07/12 Girls"]
[Site "Antalya"]
[Date "2023.01.27"]
[Round "8"]
[White "Ozer, Arin Dora"]
[Black "Ova, Merve"]
[Result "0-1"]
[WhiteElo "1216"]
[BlackElo "1351"]
[PlyCount "112"]
[EventDate "2023.01.17"]
[EventType "swiss"]
[EventRounds "9"]
[EventCountry "TUR"]
[SourceTitle "EXT 2024"]
[Source "ChessBase"]
[SourceDate "2023.10.10"]
[SourceVersion "1"]
[SourceVersionDate "2023.10.10"]
[SourceQuality "1"]

1. e4 c6 2. d4 d5 3. exd5 cxd5 4. Bd3 Nc6 5. c3 Nf6 6. Bf4 Bg4 7. Qb3 Qd7 8. Nd2 e6 9. Ngf3 Bd6 10. Bxd6 Qxd6 11. 0-0 Qc7 12. Rae1 0-0 13. Ne5 Bh5 14. f4 Nd7 15. Nxd7 Qxd7 16. f5 Rad8 17. f6 Bg6 18. fxg7 Kxg7 19. Rf3 Rg8 20. Qd1 Kh8 21. Qe2 Bxd3 22. Qxd3 Rg6 23. Ref1 Rdg8 24. Rxf7 Rxg2+ 25. Kh1 Qxf7 26. Qf3 Qxf3 27. Nxf3 Rxb2 28. a4 Rf8 29. Nd2 Rxf1+ 30. Nxf1 Rc2 31. Ng3 Rxc3 32. Kg2 Nxd4 33. Kf2 Ra3 34. Kg2 Rxa4 35. Kf2 Ra3 36. Kg2 Rxg3+ 37. Kxg3 a5 38. Kf4 a4 39. Ke5 a3 40. h4 a2 41. h5 a1Q 42. h6 Nc6+ 43. Kxe6 Qe5+ 44. Kd7 Qe7+ 45. Kc8 Qd8+ 46. Kxb7 Qd7+ 47. Kb6 Nd4 48. Kc5 Ne6+ 49. Kb4 Qc6 50. Ka5 Qc5+ 51. Ka4 Qb6 52. Ka3 Qb5 53. Ka2 Qb4 54. Ka1 Nd4 55. Ka2 Qb3+ 56. Ka1 Nc2# 0-1